| Поле | Название | Значение |
| |
Тип записи |
a |
| |
Библиографический уровень |
m |
| 001 |
Контрольный номер |
RU/СЮИ МВД России/KNIGI/65.291.6-21/К38-362667 |
| 005 |
Дата корректировки |
20140508173758.5 |
| 010 |
Индекс ISBN |
__ |
| a |
ISBN |
978-5-406-01832-3 |
| 100 |
Данные общей обработки |
__ |
| a |
Данные общей обработки |
20090827d19 u u0rusy0189 ca |
| 101 |
Язык документа |
0_ |
| a |
Язык текста |
rus |
| 102 |
Страна публикации |
__ |
| a |
Страна публикации |
RU |
| 105 |
Кодированные данные (монография) |
__ |
| a |
Кодированные данные (монография) |
y j 000yy |
| 200 |
Заглавие и сведения об ответственности |
1_ |
| a |
Заглавие |
Управление персоналом организации: актуальные технологии найма, адаптации и аттестации |
| e |
Сведения, относящиеся к заглавию |
учебное пособие |
| f |
Первые сведения об ответственности |
А. Я. Кибанов, И. Б. Дуракова |
| 210 |
Выходные данные |
__ |
| a |
Место издания |
М. |
| c |
Издательство |
КноРус |
| d |
Дата издания |
2012 |
| 215 |
Физическое описание |
__ |
| a |
Объем |
359 с. |
| 300 |
Общие примечания |
__ |
| a |
Общие примечания |
Рекомендовано УМО для студентов вузов по специальностям "Менеджмент организации" и "Управление персоналом" |
| 320 |
Библиография |
__ |
| a |
Библиография |
Библиогр.: с. 359 |
| 606 |
Тематические рубрики |
__ |
| a |
Основная рубрика |
управление персоналом |
| x |
Основная подрубрика |
экономика |
| y |
Географическая подрубрика |
Россия |
| 610 |
Ключевые слова |
1_ |
| a |
Ключевые слова |
кадры - управление |
| 620 |
Место и дата публикации, исполнения и т.д. |
__ |
| d |
Город |
Москва |
| 686 |
Индексы других классификаций |
__ |
| a |
Классификационный индекс |
65.291.6-21 |
| 2 |
Код системы |
rubbk |
| 686 |
Индексы других классификаций |
__ |
| a |
Классификационный индекс |
06.81.65 |
| 2 |
Код системы |
rugasnti |
| 700 |
Автор |
_1 |
| a |
Фамилия |
Кибанов |
| b |
Имя |
А. Я. |
| 4 |
Код отношения |
070 |
| 701 |
Альтернативная интеллектуальная ответственность |
_1 |
| a |
Фамилия |
Дуракова |
| b |
Имя |
И. Б. |
| 4 |
Код отношения |
070 |
| 801 |
Источник записи |
_0 |
| b |
Организация |
СЮИ МВД России |
| a |
Страна |
RU |
| c |
Дата составления |
20120420 |
| 801 |
Источник записи |
_1 |
| a |
Страна |
RU |
| b |
Организация |
ПКИ |
| c |
Дата составления |
20120420 |
| 852 |
Данные о местонахождении |
__ |
| a |
Наименование организации |
СЮИ МВД России |
| b |
Сигла хранения |
ЧЗ_Поволжский филиал |
| i |
Авторский знак |
К38 |
| p |
Инвентарный номер |
140799 |
| j |
Шифр хранения |
65.291.6-21 |
| 901 |
Тип документа |
__ |
| t |
Тип документа |
m |
| 938 |
Служебная информация |
__ |
| a |
Название организации |
Поволжский филиал |
| b |
Имя БД |
Книги_Ирбис |
| c |
Название АИБС |
АБИС ИРБИС |